LEADER 01293nam a2200277 4500 001 000000352305 003 CaOOAMICUS 005 20221128123748.0 008 221116s2022 it a 000 u ita r 020 $a978-88-6570-730-2 040 $aSeMil$bita 100 1 $aCanti, Maurizio$b.$0(OLS)http://semarc/name/116824 245 13$aLa Chiesa San Michele di Gornate Superiore /$cDon Maurizio Canti ; immagini di Franco Canziani. 264 1$aVarese :$bMacchione,$cstampa 2022. 300 $a63 p. :$bill. ;$c21 cm 541 0 $aOmaggio mons. Mario Delpini (3P II 419) 650 4$aCastiglione Olona - Gornate superiore - San Michele.$0(OLS)http://semarc/subject/53177 700 1 $aCanziani, Franco.$0(OLS)http://semarc/name/57688 850 $aSeMil 852 $aSeMil$W1$xVenegono$y1$m3P II 419$j235586$B243488$CSeMilBibl$Z2$F243488 $81 941 1 $a7 961 $aOmaggio mons. Mario Delpini. -- Con dedica autografa dell?autore (don Maurizio Canti) a mons. Mario Delpini (28 ottobre 2022) 996 $6020$a978-88-6570-730-2$9(OLS)http://semarc/number/297189 996 $6245$aLa Chiesa San Michele di Gornate Superiore$9(OLS)http://semarc/title/442105 996 $6264$aVarese :$bMacchione$9(OLS)http://semarc/publisher/34285 LEADER 00542nab a2200145 i 4500 001 000000312558 003 CaOOAMICUS 005 20180831173054.0 008 180831n xx uu u0 0und r 013 $a21651 040 $aSeMil$bita 100 1 $aCellini, Adolfo.$0(OLS)http://semarc/name/13922 245 10$aIsraele e la guerra. Alcuni appunti di Storia e di Archeologia Biblica. 773 0 $t[Gennaio-Giugno].$g56-68, 290-304$w()274210 996 $6245$aIsraele e la guerra. Alcuni appunti di Storia e di Archeologia Biblica$9(OLS)http://semarc/title/386907